Fruits du français à l'espagnol #2 - Statistiques

Statistiques générales
  • Ce quiz a été pris 83 fois
  • Le résultat moyen est 5 sur 10
Statistiques - réponses
Français Espagnol % Correct
Orange Naranja
93%
Tomate Tomate
75%
Poire Pera
70%
Ananas Pina
56%
Cerise Cereza
44%
Citron vert Lima
32%
Pastèque Sandia
32%
Clémentine Clementina
30%
Mûre Mora
28%
Fruit de la passion Maracuya
23%
Aucun quiz correspondant
Distribution des résultats
% des personnes avec chaque résultat
Percentile par nombre de réponses
Votre historique - résultats
Vous n’avez pas pris ce quiz